|
|
|
|
| LEADER |
00864cam a2200253 7i4500 |
| 001 |
0000035971 |
| 005 |
20190417090000.0 |
| 007 |
##ta |
| 008 |
190417s2018 my e 0 0 may |
| 020 |
# |
# |
|a 9789671269169
|
| 040 |
# |
# |
|a MATR
|
| 090 |
0 |
0 |
|a MAT 382.09595
|b MAT
|
| 245 |
0 |
0 |
|a MATRADE 25th ANNIVERSARY EXPORT EXCELLENCE.
|
| 264 |
# |
4 |
|a ♭.
|
| 264 |
# |
1 |
|a Kuala Lumpur:
|b Pertubuhan Berita Nasional Malaysia (BERNAMA),
|c 20188.
|
| 300 |
# |
# |
|a 141pages:
|b illustrations;
|c 27 cm.
|
| 336 |
# |
# |
|a text
|2 rdacontent
|
| 337 |
# |
# |
|a unmediated
|2 rdamedia
|
| 338 |
# |
# |
|a volume
|2 rdacarrier
|
| 610 |
2 |
4 |
|a Malaysia External Trade Development Corporation (MATRADE)
|
| 650 |
1 |
0 |
|a Export --
|z Malaysia
|
| 650 |
2 |
0 |
|a International trade --
|z Malaysia
|
| 650 |
2 |
0 |
|a Government publications --
|z Malaysia
|
| 999 |
|
|
|a 0000040517
|b Book
|c MATRADEs Collection
|e Business Information Centre
|